Cultural theory and popular culture (Record no. 64239)
[ view plain ]
| 000 -LEADER | |
|---|---|
| fixed length control field | 00451nam a2200181Ia 4500 |
| 001 - CONTROL NUMBER | |
| control field | 63585 |
| 008 - FIXED-LENGTH DATA ELEMENTS--GENERAL INFORMATION | |
| fixed length control field | 150109s9999 xx 000 0 und d |
| 020 ## - INTERNATIONAL STANDARD BOOK NUMBER | |
| International Standard Book Number | 9789332517172 |
| 040 ## - CATALOGING SOURCE | |
| Transcribing agency | PK-LaUMT |
| 082 ## - DEWEY DECIMAL CLASSIFICATION NUMBER | |
| Classification number | 306 |
| Item number | STO-C |
| 100 ## - MAIN ENTRY--PERSONAL NAME | |
| Personal name | Storey, John |
| 245 ## - TITLE STATEMENT | |
| Title | Cultural theory and popular culture |
| Remainder of title | an introduction |
| Statement of responsibility, etc | Storey, John |
| 250 ## - EDITION STATEMENT | |
| Edition statement | 6th |
| 260 ## - PUBLICATION, DISTRIBUTION, ETC. (IMPRINT) | |
| Place of publication, distribution, etc | New Delhi,India: |
| Name of publisher, distributor, etc | Pearson, |
| Date of publication, distribution, etc | 2014 |
| 300 ## - PHYSICAL DESCRIPTION | |
| Extent | 275 p. |
| 546 ## - LANGUAGE NOTE | |
| Language note | EN |
| 942 ## - ADDED ENTRY ELEMENTS (KOHA) | |
| Koha item type | Books |
| Withdrawn status | Lost status | Damaged status | Not for loan | Home library | Current library | Date acquired | Total Checkouts | Full call number | Barcode | Date last seen | Date checked out | Price effective from | Koha item type |
|---|---|---|---|---|---|---|---|---|---|---|---|---|---|
| UMT Main Campus | UMT Main Campus | 2015-01-09 | 1 | 306 STO-C | 86701 | 2017-04-25 | 2017-02-02 | 2015-01-09 | Books |
